000 00710nam a2200193Ia 4500
008 0000001990 ck a 0000000000spa00
090 _aPSP00 L22l
100 1 _aLedo, Luis
_d1945
245 1 0 _aLuis Ledo
300 _a[16] p.
_c/ 28 cm.
500 _aExposición realizada en el Museo de Arte Contemporáneo, Bogotá, Febrero Marzo, 1990 \ Con el patronazgo del maestro venezolano Jesús Rafael Soto (q.e.p.d.)
600 0 0 _aLEDO, LUIS, 1945/
_xTRABAJOS PICTORICOS
650 1 4 _aARTE CONTEMPORANEO ESPAÑOL
650 1 4 _xCATALOGOS
650 1 4 _xEXPOSICIONES
650 1 4 _aPINTORES ESPAÑOLES
650 1 4 _aPINTURA ESPAÑOLA
999 _c5666
_d5666
260 _aBogotá : Museo de Arte Contemporáneo
_c1990